| 000 | 00734nam a22001937a 4500 | ||
|---|---|---|---|
| 999 |
_c15721 _d15721 |
||
| 003 | AR-CdUCM | ||
| 008 | 190429b ||||| |||| 00| 0 spa d | ||
| 040 |
_aMUNICIPALIDAD PROVINCIAL DEL CUSCO _cBIBLIOTECA MUNICIPAL DEL CUSCO |
||
| 082 |
_a345.1 / _bN89 |
||
| 245 | _aNuevo cuadro de términos de distancia : | ||
| 260 |
_aLima : _bEds. El Perú y sus Leyes, _c1970. |
||
| 300 |
_a87 paginas ; _c17 cm. |
||
| 505 | _aContenido :Términos de: 23 departamentos, 148 provincias, 1672 distritos. Términos de los distritos metropolitanos, términos internacionales. | ||
| 650 |
_aTérminos de distancia _934892 |
||
| 650 |
_aPerú _935 |
||
| 650 |
_aDerecho procesal civil _927080 |
||
| 942 |
_2ddc _cLIBROS |
||
| 945 |
_arjall _d2019-04-29 |
||